005280000a2200169000450000500170000094200090001710000190002624500680004525000100011326000310012330000210015404000080017536500130018365000570019699900190025395200860027220120302064624.0 cBOOK a Apte , Va.Go. a Marathi Bhasheche Sampradaya Va Mhanee ( Engrajee Paryayasaha) a 7 th aPune: Varada Books , 1990. a6+260+32= 298 p. amar bRs.60 /- aMarathi Bhasha / Mhani / Mhanee / Sampradaya (Idiom) c362633d362630 00104070aIOSbIOSd2009-12-02l0pIOS-M 23687r2009-12-02 00:00:00w2009-12-02